000 01066nam a22003137a 4500
003 CHAP
005 20220329135219.0
008 971013s1959 r 00010 d
010 _a32715
011 _a33687
035 _a37803
040 _cCHAP
082 _a633.58
_bC8
110 _aCuba. Estación Experimental Agronómica (Central). Santiago de las Vegas
_929969
245 _aKenaf
_b: investigaciones conducidas en Cuba
260 _aLa Habana :
_b(La Estación),
_c1959
300 _a280 p.
_b: ilus.
490 _aEstación Experimental Agronómica. Boletín
_v; 74
590 _aBATCH-UPD
_b10
_c20130110
_lUCH01
_h0037
590 _aBATCH-UPD
_b10
_c20130110
_lUCH01
_h2113
590 _aBATCH-UPD
_b10
_c20130409
_lUCH01
_h2021
590 _aBATCH-UPD
_b10
_c20130914
_lUCH01
_h1323
590 _aCONVERSION
_b10
_c20130109
_lUCH01
_h1318
650 1 4 _aKenaf.
_963006
830 0 _aEstación Experimental Agronómica. Boletín
_v; 74
_938223
901 _aBK
942 _cLIBRO
949 _a633.58 C8
_bBC
_cLIBRO
_d33724000195384
_eLIBRO
_h15490
_i37803
_mD
_si
999 _c32715
_d32715